Mexican City By Picture - Statistics

General Stats
  • This quiz has been taken 85 times
  • The average score is 7 of 12
Answer Stats
Picture Answer % Correct
Mexico City
99%
Guadalajara
94%
Monterrey
87%
Cancun
86%
Tijuana
77%
Acapulco
64%
Puebla
64%
Merida
51%
Leon
47%
Aguascalientes
43%
Guanajuato
14%
Saltillo
13%
No matching quizzes found
Score Distribution
Percent of People with Each Score
Percentile by Number Answered
Your Score History
You have not taken this quiz